000
00308nam a22001337a 4500
020
_q
PB.
040
_c
FIZZA ISHAQ
082
_a
604.2
_b
NDB
100
_a
BHATT, N.D.
_9
86071
245
_a
EMGINEERING DRAWING /
_c
N.D BHATT.
260
_a
NEW DEHLI :
_b
SNDA,
_c
1958.
300
_a
719 P. ;
942
_2
ddc
_c
BK
999
_c
587226
_d
587226